Statistics for Books Only in the Catholic Bible

Click here to take the quiz!

General Stats

  • This quiz has been taken 73 times
  • The average score is 4 of 7

Answer Stats

Book% Correct
Tobit
69%
Wisdom
69%
1 Maccabees
66%
2 Maccabees
66%
Judith
64%
Ecclesiasticus
47%
Baruch
46%

Score Distribution

Percentile by Number Answered

Percent of People with Each Score

Your Score History

You have not taken this quiz